000 00487nam a2200181Ia 4500
005 20250326141650.0
008 250326s9999 xx 000 0 und d
037 _aTextbook
040 _aFMSL
_beng
_cFMSL
041 _aeng
_2eng
084 _qFMSL
100 _aBowman E H
_9737942
245 0 _aAnalysis for production management
_cBowman E H; Fetter Rb
260 _aHomewood
_bHomewood, Richard D IRWIN
_c1961
300 _a575p
942 _cTB
999 _c1291395
_d1291395